<?xml version="1.0" encoding="UTF-8"?>
<record
    xmlns:xsi="http://www.w3.org/2001/XMLSchema-instance"
    xsi:schemaLocation="http://www.loc.gov/MARC21/slim http://www.loc.gov/standards/marcxml/schema/MARC21slim.xsd"
    xmlns="http://www.loc.gov/MARC21/slim">

  <leader>00835nam a22002417a 4500</leader>
  <controlfield tag="005">20170123164141.0</controlfield>
  <datafield tag="010" ind1=" " ind2=" ">
    <subfield code="a">B-210276</subfield>
  </datafield>
  <datafield tag="020" ind1=" " ind2=" ">
    <subfield code="c">425.00</subfield>
    <subfield code="a">8182990793</subfield>
  </datafield>
  <datafield tag="035" ind1=" " ind2=" ">
    <subfield code="a">B-210276</subfield>
  </datafield>
  <datafield tag="040" ind1=" " ind2=" ">
    <subfield code="a">DPL</subfield>
    <subfield code="b">PN</subfield>
  </datafield>
  <datafield tag="082" ind1=" " ind2=" ">
    <subfield code="a">&#xA09;</subfield>
    <subfield code="b">&#xA39;&#xA30;&#xA28;&#xA3E;</subfield>
  </datafield>
  <datafield tag="100" ind1=" " ind2=" ">
    <subfield code="a">  &#xA38;&#xA39;&#xA3F;&#xA30;&#xA3E;&#xA08;, &#xA39;&#xA30;&#xA28;&#xA3E;&#xA2E; &#xA26;&#xA3E;&#xA38; </subfield>
    <subfield code="9">7912</subfield>
  </datafield>
  <datafield tag="245" ind1=" " ind2=" ">
    <subfield code="a">&#xA38;&#xA3C;&#xA39;&#xA3E;&#xA26;&#xA24; /</subfield>
    <subfield code="c">&#xA39;&#xA30;&#xA28;&#xA3E;&#xA2E; &#xA26;&#xA3E;&#xA38; &#xA38;&#xA39;&#xA3F;&#xA30;&#xA3E;&#xA08;</subfield>
  </datafield>
  <datafield tag="246" ind1=" " ind2=" ">
    <subfield code="a">Sahaadat</subfield>
    <subfield code="b">by Harnam dass sarnai</subfield>
  </datafield>
  <datafield tag="260" ind1=" " ind2=" ">
    <subfield code="a">&#xA26;&#xA3F;&#xA71;&#xA32;&#xA40;</subfield>
    <subfield code="b">&#xA06;&#xA30;&#xA38;&#xA40; &#xA2A;&#xA2C;&#xA32;&#xA3F;&#xA38;&#xA3C;&#xA30;&#xA1C;&#xA3C;</subfield>
  </datafield>
  <datafield tag="270" ind1=" " ind2=" ">
    <subfield code="b">&#xA26;&#xA3F;&#xA71;&#xA32;&#xA40;</subfield>
    <subfield code="e">10006</subfield>
  </datafield>
  <datafield tag="300" ind1=" " ind2=" ">
    <subfield code="a">542p.</subfield>
    <subfield code="c">23cm(Hb)</subfield>
  </datafield>
  <datafield tag="650" ind1=" " ind2=" ">
    <subfield code="a">&#xA2A;&#xA70;&#xA1C;&#xA3E;&#xA2C;&#xA40; &#xA38;&#xA3E;&#xA39;&#xA3F;&#xA24;-&#xA27;&#xA3E;&#xA30;&#xA2E;&#xA3F;&#xA15;</subfield>
    <subfield code="9">15999</subfield>
  </datafield>
  <datafield tag="650" ind1=" " ind2=" ">
    <subfield code="a">&#xA2A;&#xA70;&#xA1C;&#xA3E;&#xA2C;&#xA40; &#xA38;&#xA3E;&#xA39;&#xA3F;&#xA24;</subfield>
    <subfield code="9">779</subfield>
  </datafield>
  <datafield tag="650" ind1=" " ind2=" ">
    <subfield code="a">Punjabi-Religen</subfield>
    <subfield code="9">7914</subfield>
  </datafield>
  <datafield tag="650" ind1=" " ind2=" ">
    <subfield code="a">Punjabi Literature</subfield>
    <subfield code="9">781</subfield>
  </datafield>
  <datafield tag="942" ind1=" " ind2=" ">
    <subfield code="2">ddc</subfield>
    <subfield code="c">PN</subfield>
    <subfield code="h">&#xA09;</subfield>
    <subfield code="m">&#xA39;&#xA30;&#xA28;&#xA3E;</subfield>
  </datafield>
  <datafield tag="999" ind1=" " ind2=" ">
    <subfield code="c">109688</subfield>
    <subfield code="d">109688</subfield>
  </datafield>
  <datafield tag="952" ind1=" " ind2=" ">
    <subfield code="0">0</subfield>
    <subfield code="1">0</subfield>
    <subfield code="4">0</subfield>
    <subfield code="7">0</subfield>
    <subfield code="a">L</subfield>
    <subfield code="b">L</subfield>
    <subfield code="d">2015-06-11</subfield>
    <subfield code="e">Cen Lib/Ret</subfield>
    <subfield code="g">425.00</subfield>
    <subfield code="l">0</subfield>
    <subfield code="o"> &#xA09; &#xA39;&#xA30;&#xA28;&#xA3E;</subfield>
    <subfield code="p">B-210276</subfield>
    <subfield code="r">2015-06-11 00:00:00</subfield>
    <subfield code="t">1</subfield>
    <subfield code="v">425.00</subfield>
    <subfield code="w">2016-09-15</subfield>
    <subfield code="y">PN</subfield>
  </datafield>
</record>
